Roue de la fortune - Mort subite #9 - Statistiques

Statistiques générales
  • Ce quiz a été pris 234 fois
  • Le résultat moyen est 3 sur 7
Statistiques - réponses
% Correct
E
97%
I
63%
R
47%
S
45%
N
33%
D
24%
F
22%
Aucun quiz correspondant
Distribution des résultats
% des personnes avec chaque résultat
Percentile par nombre de réponses
Votre historique - résultats
Vous n’avez pas pris ce quiz